| 000 | 00676nam a2200229 a 4500 | ||
|---|---|---|---|
| 001 | 67218 | ||
| 003 | BD-RjUL | ||
| 005 | 20211209081628.0 | ||
| 008 | 731109s1972 enka b 001 0 eng | ||
| 020 | _a0471290378 | ||
| 035 | _a(BD-RjUL)67349 | ||
| 040 |
_aDLC _cDLC _dDLC _beng |
||
| 041 | _aeng | ||
| 082 | 0 | 0 |
_223 _a615.329 _bMOL 1972 |
| 245 | 1 | 4 |
_aThe Molecular basis of antibiotic action / _c E. F. Gale... [et al.] |
| 260 |
_aLondon ; _aNew York : _bWiley, _c1972. |
||
| 300 |
_axviii, 456 p. : _bill. ; _c24 cm. |
||
| 504 | _aIncludes bibliographies and index | ||
| 650 | 0 |
_aAntibiotics. _9199132 |
|
| 700 | 1 |
_aGale, E. F. _q(Ernest Frederick) _944585 |
|
| 942 |
_2ddc _cBK |
||
| 999 |
_c67218 _d67218 |
||